000 00619nam a2200205Ia 4500
008 200601s9999 xx 000 0 und d
020 _a0-224-03093-0
050 _aFIC Am5t
050 _b1991
100 _aAmis, Martin
245 0 _aTime's arrow ot the nature of offence /
245 0 _cMartin Amis.
260 _aLondon :
260 _bJonathan Cape Ltd.
260 _c1991
300 _a176 pages :
300 _c21 cm.
650 _a1. Holocaust, Jewish (1939-1945) -- Fiction. 2. German Americans -- Fiction.
650 _a1. Holocaust, Jewish (1939-1945) -- Fiction. 2. German Americans -- Fiction.
999 _c363473
_d363473